banner koha

Desenvolvimento de oócitos bovinos fecundados in vitro após centrifugação e/ou exposição à citocalasina B (Registro n. 173527)

MARC details
000 -LÍDER
campo de controle de tamanho fixo 01046nas a2200361 4500
001 - NÚMERO DE CONTROLE
campo de controle BR0300641
003 - IDENTIFICADOR DO NÚMERO DE CONTROLE
campo de controle BR-BrBNA
005 - DATA E HORÁRIO DA ÚLTIMA TRANSAÇÃO
campo de controle 20231205103548.0
007 - CAMPO FIXO DE DESCRIÇÃO FÍSICA--INFORMAÇÃO GERAL
campo de controle de tamanho fixo ta
008 - CAMPO DE DADOS FIXOS--INFORMAÇÃO GERAL
campo de controle de tamanho fixo 230509b bl.|||p| |||| 00| 00por d
040 ## - FONTE DA CATALOGAÇÃO
Instituição da catalogação original BR-BrBNA
Idioma da catalogação por
Instituição que transcreveu o registro Biblioteca Nacional de Agricultura
041 ## - CÓDIGO DE IDIOMA
Código do idioma do texto/trilha sonora ou título diferente (Pt)
072 ## - CÓDIGO DE CATEGORIA DE ASSUNTO
Código de Categoria de Assunto L53
100 1# - ENTRADA PRINCIPAL--NOME PESSOAL
Nome pessoal Mezzalira, A.
100 1# - ENTRADA PRINCIPAL--NOME PESSOAL
Nome pessoal Vaz, C.L.
100 1# - ENTRADA PRINCIPAL--NOME PESSOAL
Nome pessoal Moraes, E.F.
100 1# - ENTRADA PRINCIPAL--NOME PESSOAL
Nome pessoal Brum, D.S.
100 1# - ENTRADA PRINCIPAL--NOME PESSOAL
Nome pessoal Silva, C.A.M.
100 1# - ENTRADA PRINCIPAL--NOME PESSOAL
Nome pessoal Bernardi, M.L.
100 1# - ENTRADA PRINCIPAL--NOME PESSOAL
Nome pessoal Rubin, M.I.B.
245 1# - TÍTULO
Título Desenvolvimento de oócitos bovinos fecundados in vitro após centrifugação e/ou exposição à citocalasina B
650 ## - ASSUNTO--TERMO TÓPICO
Cabeçalho tópico ou nome geográfico BOVINO
650 ## - ASSUNTO--TERMO TÓPICO
Cabeçalho tópico ou nome geográfico OVÁRIO
650 ## - ASSUNTO--TERMO TÓPICO
Cabeçalho tópico ou nome geográfico FECUNDAÇÃO ANIMAL
650 ## - ASSUNTO--TERMO TÓPICO
Cabeçalho tópico ou nome geográfico CULTURA IN VITRO
650 ## - ASSUNTO--TERMO TÓPICO
Cabeçalho tópico ou nome geográfico CRESCIMENTO
650 ## - ASSUNTO--TERMO TÓPICO
Cabeçalho tópico ou nome geográfico LIPÍDIO
650 ## - ASSUNTO--TERMO TÓPICO
Cabeçalho tópico ou nome geográfico CITOPLASMA
650 ## - ASSUNTO--TERMO TÓPICO
Cabeçalho tópico ou nome geográfico ANÁLISE DE LABORATÓRIO
773 0# - ENTRADA ANALÍTICA
Título Ars Veterinária (Brazil)
ISSN - International Standard Serial Number ISSN 0102-6380
Partes relacionadas (Apr 2002), v. 18(1) p. 43-48
Número de controle do registro BR0300641
909 ## -
-- 202311
-- Lúcia
-- 55
-- Lúcia Elande
942 ## - ELEMENTOS DE ENTRADA ADICIONADOS (KOHA)
Fonte da classificação ou esquema de arquivamento na estante Classificação AGRIS
Ocultar no OPAC Não
Tipo de material Koha Analítica
Exemplares
Situação do descarte Fonte da classificação ou esquema de arquivamento na estante Situação física Não pode ser emprestado Biblioteca de origem Biblioteca atual Localização na estante Enumeração do periódico / cronologia Total de empréstimos Data de último acesso Número do exemplar Tipo de material Koha Fonte de aquisição
  Classificação AGRIS   Consulta local Biblioteca Nacional de Agricultura - Binagri Biblioteca Nacional de Agricultura - Binagri   (Apr 2002), v. 18(1) p. 43-48   29/11/2023 01 Periódicos Portaria Interministerial nº 164/94

BINAGRI

Telefone: (61)3218-2567/2388/3357/2097 - binagri@agro.gov.br

Ministério da Agricultura e Pecuária , Esplanada dos Ministérios, Bloco D, Anexo B, Brasília/DF, CEP: 70.043-900